| 000 | 00587nab a2200229 a 4500 | ||
|---|---|---|---|
| 001 | 29867 | ||
| 003 | 95420 | ||
| 005 | 20201118100649.0 | ||
| 008 | ||||||n9999 ||| || || | ||
| 041 | _aspa | ||
| 100 | _aAngel Maya, Augusto | ||
| 245 | 0 | _aPerspectivas pedaqogicas en la educacion ambiental | |
| 260 |
_aBogotá : _bTERCE, _c1992. |
||
| 300 | _app.99-105 | ||
| 562 | _e0 | ||
| 650 | _aCOLOMBIA | ||
| 650 | _aEDUCACIÓN AMBIENTAL | ||
| 650 | _aINNOVACIONES PEDAGOGICAS | ||
| 650 | _aMÉTODOS PEDAGÓGICOS | ||
| 773 |
_029688 _aTemas ambientales : |
||
| 942 | _cANADO | ||
| 999 |
_c29867 _d29867 |
||